[Event "Stara Lubovna op"]
[Site "Stara Lubovna"]
[Date "2014.04.12"]
[Round "7"]
[White "Hudacek, Tomas"]
[Black "Kosar, Mikulas"]
[Result "1-0"]
[WhiteElo "1671"]
[BlackElo "1896"]
[PlyCount "53"]
[EventDate "2014.04.06"]
[EventType "swiss"]
[EventRounds "7"]
[EventCountry "SVK"]
[SourceTitle "CBM 160 Extra"]
[Source "ChessBase"]
[SourceDate "2014.07.01"]
[SourceVersion "1"]
[SourceVersionDate "2014.07.01"]
[SourceQuality "1"]

1. d4 d5 2. c4 e6 3. Nc3 Nf6 4. Bg5 Be7 5. e3 c6 6. Qb3 Nbd7 7. Nf3 0-0 8. Bd3 Qc7 9. 0-0 dxc4 10. Bxc4 e5 11. Rfd1 h6 12. Bh4 exd4 13. Bg3 Qb6 14. Rxd4 Bc5 15. Rd2 Qxb3 16. Bxb3 Bb4 17. Rad1 Bxc3 18. bxc3 Ne4 19. Rxd7 Nxg3 20. hxg3 Bxd7 21. Rxd7 b6 22. Ne5 c5 23. Bxf7+ Kh7 24. Bg6+ Kg8 25. Nc6 a6 26. Be4 Rae8 27. Ne7+ 1-0